Niektoré problémy rozmiestňovania cementárskeho priemyslu na Slovensku

Salvato in:
Dettagli Bibliografici
Autore principale: Bobocká, Júlia
Ente Autore: Vysoká škola ekonomická v Bratislave. Fakulta ekonomiky a riadenia výrobných odvetví
Natura: Libro
Lingua:slovacco
Pubblicazione: Bratislava 1975
Tags: Aggiungi Tag
Nessun Tag, puoi essere il primo ad aggiungerne!!

MARC

LEADER 00000nam a2200000 4500
001 c111703
005 20230116103509.1
041 0 |a slo 
044 |a SK 
245 1 0 |a Niektoré problémy rozmiestňovania cementárskeho priemyslu na Slovensku  |c Júlia Bobocká 
264 1 |a Bratislava  |c 1975 
300 |a 179 s. 
100 1 |a Bobocká, Júlia 
710 2 |a Vysoká škola ekonomická v Bratislave. Fakulta ekonomiky a riadenia výrobných odvetví